01071nas a2200289Ia 4500001001600000003001000016008004100026040002500067041001200092100001900104210001800123222001800141240004100159245004100200250001100241260000900252501012300261300001600384362002500400500009600425650002500521700001100546942000700557957000600564999003300570952017800603A07/R084-41019 IT-MiCISF161014c99999999xx |||||||||||| ||und|| aIT-MiCISFcIT-MiCISF aINGLESE aBrowing Don S. aIntams Review aIntams Review aPutting Marriage on the Agenda Again 0aPutting Marriage on the Agenda Again a1a ed. c2005 bCISF - Centro Internazionale Studi Famiglia - Via Giotto, 36 20145 MILANO (non commercial uses only)cCopyright 2016 app. 122-132 avol. 11, n. 1 [2005] a Tema: matrimonio, società€, funzione-famiglia, convivenza, omosessualità€, cristianesimo amatrimoniovarticolo aAA.VV. cCR 71 a41019bSig1c248433d248433 0010406A_07_000000000000000_R0844101971aCISFbCISFd2016-10-14l0oA07/R084-41019 r2016-10-14 00:00:00w2016-10-14yCRzData import 15.10.2016 / by Epidotti, Vaglietti